[Event "Parsvnath Commonwealth ch 2010"]
[Site "Nueva Delhi IND"]
[Date "2010.05.15"]
[Round "8.21"]
[White "Hossain, Enamul"]
[Black "Bitan, Banerjee"]
[Result "1/2-1/2"]
[WhiteElo "2499"]
[BlackElo "2311"]
[PlyCount "71"]
[EventDate "2010.05.10"]
[EventType "swiss"]
[EventRounds "11"]
[EventCountry "IND"]
[Source "lmi"]
[SourceDate "2010.05.10"]

1. d4 Nf6 2. c4 g6 3. Nc3 Bg7 4. Nf3 d6 5. Bg5 O-O 6. e3 c6 7. Be2 a6 8. O-O b5
9. Nd2 Nbd7 10. Bf3 Qb6 11. Qc2 Bb7 12. b4 e5 13. c5 Qc7 14. Bxf6 Nxf6 15. dxe5
dxe5 16. Rad1 a5 17. a3 axb4 18. axb4 Rfd8 19. Nb3 Nd5 20. Nxd5 cxd5 21. Na5 e4
22. Be2 Bc6 23. Nb3 Ra4 24. Qd2 Rda8 25. Rc1 Ra3 26. Bd1 Ra2 27. Rc2 R2a3 28.
Na5 R8xa5 29. bxa5 Qxa5 30. Qxa5 Rxa5 31. Rc1 b4 32. Bb3 Bc3 33. Rcd1 Rxc5 34.
f3 Bb5 35. fxe4 Bxf1 36. Rxf1 1/2-1/2

[Event "Parsvnath Commonwealth ch 2010"]
[Site "Nueva Delhi IND"]
[Date "2010.05.15"]
[Round "8.23"]
[White "Swapnil, S. Dhopade"]
[Black "Agaragimov, Djakhangir"]
[Result "1-0"]
[WhiteElo "2457"]
[BlackElo "2304"]
[PlyCount "101"]
[EventDate "2010.05.10"]
[EventType "swiss"]
[EventRounds "11"]
[EventCountry "IND"]
[Source "lmi"]
[SourceDate "2010.05.10"]

1. d4 Nf6 2. Nf3 g6 3. Nbd2 d5 4. e3 Bg7 5. b4 O-O 6. Bb2 c6 7. c4 a5 8. b5
cxb5 9. cxb5 a4 10. Be2 Nbd7 11. Rc1 Nb6 12. Ba3 Re8 13. O-O Bf5 14. Nh4 Be6
15. Bd3 Rf8 16. Nhf3 Ne8 17. Bc5 Nd6 18. Qc2 Bf6 19. Qb1 Nbc8 20. Qb2 Bf5 21.
Be2 Bd7 22. Ne5 Qe8 23. Nxd7 Qxd7 24. b6 e6 25. Qb4 Be7 26. Bd3 f5 27. Nf3 Qd8
28. Ne5 Nf7 29. Bxe7 Nxe7 30. Rc7 Nxe5 31. dxe5 Nc6 32. Qd6 Qxd6 33. exd6 Ne5
34. Be2 Rfd8 35. Rxb7 Rxd6 36. Rc1 Nc4 37. Bxc4 dxc4 38. Kf1 Rc8 39. Rb1 c3 40.
Rc7 Rdd8 41. Rc1 Rxc7 42. bxc7 Rc8 43. Rxc3 Kf8 44. Ke2 Ke7 45. Kd3 Kd6 46. Rc4
e5 47. Kc3 g5 48. Kb4 Kd5 49. Rc3 e4 50. Kxa4 f4 51. g3 1-0

[Event "Parsvnath Commonwealth ch 2010"]
[Site "Nueva Delhi IND"]
[Date "2010.05.15"]
[Round "8.25"]
[White "Paciencia, Enrique"]
[Black "Girish, A. Koushik"]
[Result "0-1"]
[WhiteElo "2429"]
[BlackElo "2276"]
[PlyCount "63"]
[EventDate "2010.05.10"]
[EventType "swiss"]
[EventRounds "11"]
[EventCountry "IND"]
[Source "lmi"]
[SourceDate "2010.05.10"]

1. d4 d5 2. Nf3 Nf6 3. c4 c6 4. e3 Bf5 5. cxd5 cxd5 6. Qb3 Qc7 7. Nc3 e6 8. Bd2
Nc6 9. Rc1 Be7 10. Be2 O-O 11. O-O Ne4 12. Nxe4 Bxe4 13. Ne5 Bd6 14. f4 Bxe5
15. fxe5 Qe7 16. Rf4 Qg5 17. g3 Ne7 18. Rc7 Nf5 19. Be1 h5 20. Qc3 h4 21. g4 h3
22. Rc8 Kh7 23. Qc7 Nxd4 24. Bd1 Nc6 25. Qxb7 Nxe5 26. Bg3 Nxg4 27. Rxe4 Nxe3
28. Be2 dxe4 29. Qxe4+ Nf5 30. Bg4 Qc1+ 31. Be1 Qxb2 32. Qg2 0-1

[Event "Parsvnath Commonwealth ch 2010"]
[Site "Nueva Delhi IND"]
[Date "2010.05.15"]
[Round "8.26"]
[White "Tania, Sachdev"]
[Black "Fenil, Shah"]
[Result "1-0"]
[WhiteElo "2398"]
[BlackElo "2265"]
[PlyCount "63"]
[EventDate "2010.05.10"]
[EventType "swiss"]
[EventRounds "11"]
[EventCountry "IND"]
[Source "lmi"]
[SourceDate "2010.05.10"]

1. d4 Nf6 2. c4 c5 3. d5 b5 4. Qc2 bxc4 5. e4 d6 6. Bxc4 g6 7. Nf3 Bg7 8. Nc3
O-O 9. O-O Ba6 10. Bxa6 Nxa6 11. Bf4 Qb6 12. Rab1 Nc7 13. Nd2 Nd7 14. Rfe1 Rab8
15. Qa4 Rfd8 16. Bg5 Kf8 17. h3 Ne5 18. Re3 h6 19. Bf4 Nb5 20. Nxb5 Qxb5 21.
Qc2 Kg8 22. Bg3 Nd7 23. Ra3 a5 24. Bh4 Kf8 25. Nc4 Ra8 26. Ra4 Rdb8 27. Bg3 Nb6
28. Nxb6 Rxb6 29. Bf4 Rab8 30. Bd2 Qe2 31. b3 Bd4 32. Bxh6+ 1-0

[Event "Parsvnath Commonwealth ch 2010"]
[Site "Nueva Delhi IND"]
[Date "2010.05.15"]
[Round "8.27"]
[White "Shyam, Sundar M"]
[Black "Gahan, M.G."]
[Result "1-0"]
[WhiteElo "2372"]
[BlackElo "2170"]
[PlyCount "99"]
[EventDate "2010.05.10"]
[EventType "swiss"]
[EventRounds "11"]
[EventCountry "IND"]
[Source "lmi"]
[SourceDate "2010.05.10"]

1. e4 d5 2. exd5 Nf6 3. d4 Bg4 4. Nf3 Nxd5 5. Be2 Nc6 6. h3 Bxf3 7. Bxf3 e6 8.
O-O Be7 9. Re1 O-O 10. c3 Re8 11. Nd2 h6 12. a4 Rb8 13. g3 Bf8 14. Nc4 Qf6 15.
Kg2 Rbd8 16. Qb3 b6 17. a5 Nb8 18. axb6 axb6 19. Ra8 Nd7 20. Ra7 c5 21. Qb5 Re7
22. Ne3 Nxe3+ 23. Bxe3 e5 24. Rd1 cxd4 25. cxd4 e4 26. Bg4 Nb8 27. Ra8 Ree8 28.
Rc1 g6 29. Rc7 h5 30. Be2 Bd6 31. Rc4 Be7 32. h4 Qe6 33. Rc7 Rc8 34. d5 Qf5 35.
Rxc8 Rxc8 36. Qxb6 Bd8 37. Qb4 Bc7 38. d6 Qd5 39. dxc7 Qxa8 40. cxb8=R Rxb8 41.
Qc3 Rc8 42. Qd4 Rd8 43. Qf6 Qd5 44. Bc4 Rd6 45. Bxd5 Rxf6 46. b4 Kf8 47. b5 Rf5
48. Bc6 Rf6 49. b6 Rxc6 50. b7 1-0

[Event "Parsvnath Commonwealth ch 2010"]
[Site "Nueva Delhi IND"]
[Date "2010.05.15"]
[Round "8.29"]
[White "Priyadharshan, K."]
[Black "Saranya, J."]
[Result "1-0"]
[WhiteElo "2362"]
[BlackElo "2119"]
[PlyCount "77"]
[EventDate "2010.05.10"]
[EventType "swiss"]
[EventRounds "11"]
[EventCountry "IND"]
[Source "lmi"]
[SourceDate "2010.05.10"]

1. e4 c5 2. Nf3 d6 3. d4 cxd4 4. Nxd4 Nf6 5. Nc3 a6 6. Qf3 e6 7. Be2 Be7 8. g4
O-O 9. g5 Ne8 10. h4 Nc6 11. Be3 Qc7 12. Qg3 b5 13. a3 Bb7 14. g6 Bf6 15. gxh7+
Kh8 16. Rd1 Rd8 17. Rg1 d5 18. Nxc6 Bxc6 19. Bc5 Be5 20. Qg5 Bd6 21. Bxd6 Rxd6
22. e5 Rd7 23. Bd3 Qa5 24. Rd2 b4 25. axb4 Qxb4 26. Nd1 Bb5 27. Rg4 Qc5 28.
Bxb5 axb5 29. c3 Qe7 30. Qe3 f5 31. Rg5 Nc7 32. Rd4 Na6 33. Qe2 Rb7 34. Ne3 Nc5
35. Ng2 Ra8 36. Nf4 Ra1+ 37. Rd1 Rxd1+ 38. Kxd1 Qe8 39. Qh5 1-0

[Event "Parsvnath Commonwealth ch 2010"]
[Site "Nueva Delhi IND"]
[Date "2010.05.15"]
[Round "8.30"]
[White "Adhiban, B."]
[Black "Bhakti, Kulkarni"]
[Result "1/2-1/2"]
[WhiteElo "2510"]
[BlackElo "2268"]
[PlyCount "70"]
[EventDate "2010.05.10"]
[EventType "swiss"]
[EventRounds "11"]
[EventCountry "IND"]
[Source "lmi"]
[SourceDate "2010.05.10"]

1. Nf3 d5 2. d4 e6 3. c4 f5 4. g3 Nf6 5. Bg2 Be7 6. O-O O-O 7. b3 c6 8. Bb2 b6
9. Nbd2 a5 10. Qc2 Bb7 11. Ng5 Qc8 12. Ndf3 Ne4 13. Nh3 g5 14. Ne5 Nd7 15. Nd3
Qe8 16. f3 Nd6 17. c5 bxc5 18. Nxc5 Nxc5 19. dxc5 Nb5 20. e4 Qg6 21. exd5 exd5
22. f4 g4 23. Nf2 Bf6 24. Rfd1 Ba6 25. a4 Nc7 26. Bf1 Bxf1 27. Kxf1 Rfe8 28.
Nd3 d4 29. Ne5 Bxe5 30. fxe5 Rxe5 31. Bxd4 Re4 32. Bf2 Nd5 33. Re1 Rae8 34.
Rxe4 fxe4 35. Bd4 Qf7+ 1/2-1/2

[Event "Parsvnath Commonwealth ch 2010"]
[Site "Nueva Delhi IND"]
[Date "2010.05.15"]
[Round "8.31"]
[White "Satyapragyan, Swayangsu"]
[Black "Atabayev, Yusup"]
[Result "0-1"]
[WhiteElo "2463"]
[BlackElo "2217"]
[PlyCount "122"]
[EventDate "2010.05.10"]
[EventType "swiss"]
[EventRounds "11"]
[EventCountry "IND"]
[Source "lmi"]
[SourceDate "2010.05.10"]

1. Nf3 Nf6 2. e3 d5 3. c4 c6 4. b3 Bf5 5. Bb2 Nbd7 6. Be2 e6 7. Nh4 Bg6 8. O-O
Bd6 9. Nc3 Nc5 10. cxd5 exd5 11. f4 Nd3 12. Bxd3 Bxd3 13. Rf3 Nd7 14. Rh3 Be7
15. Qg4 Nf6 16. Qd1 Nd7 17. Qe1 Nc5 18. Nd1 Bf6 19. Rc1 Ne4 20. Nf3 Nd6 21. Nd4
Ne4 22. Nf3 Nd6 23. Bxf6 Qxf6 24. Nf2 Bf5 25. g4 Bd7 26. Rh5 Kd8 27. d3 a5 28.
Qd2 h6 29. e4 Nb5 30. exd5 g5 31. dxc6 Bxc6 32. Ne4 Qe6 33. f5 Qd5 34. Rc5 Qd7
35. Qb2 Kc7 36. Qe5+ Kb6 37. Rxb5+ Bxb5 38. Qc5+ Ka6 39. Ne5 Qc8 40. a4 Qxc5+
41. Nxc5+ Kb6 42. d4 Be8 43. Rh3 Rd8 44. Rd3 h5 45. h3 hxg4 46. hxg4 Rh4 47.
Kf2 f6 48. Nc4+ Kc6 49. Nxa5+ Kd5 50. Nc4 Bc6 51. Ne3+ Kd6 52. b4 Rh2+ 53. Ke1
Bd5 54. Rd2 Rh1+ 55. Ke2 Re8 56. Kd3 Rh3 57. Re2 b6 58. Ne6 Ra8 59. Kd2 Rxa4
60. Ng7 Ra2+ 61. Ke1 Bb3 0-1

[Event "Parsvnath Commonwealth ch 2010"]
[Site "Nueva Delhi IND"]
[Date "2010.05.15"]
[Round "8.32"]
[White "Anwesh, Upadhyaya"]
[Black "Yashas, D."]
[Result "1-0"]
[WhiteElo "2419"]
[BlackElo "2204"]
[PlyCount "71"]
[EventDate "2010.05.10"]
[EventType "swiss"]
[EventRounds "11"]
[EventCountry "IND"]
[Source "lmi"]
[SourceDate "2010.05.10"]

1. g3 Nf6 2. Bg2 d5 3. Nf3 Nbd7 4. d4 e6 5. O-O Be7 6. c4 c6 7. Qc2 b6 8. Nbd2
Ba6 9. b3 O-O 10. e4 Rc8 11. Rd1 c5 12. exd5 exd5 13. Bb2 Re8 14. Rac1 cxd4 15.
Nxd4 b5 16. Nf5 Bf8 17. Nf1 bxc4 18. Qd2 Ne5 19. bxc4 Bxc4 20. Qg5 Nfg4 21. Qf4
g6 22. h3 g5 23. Qd2 Nh6 24. N5e3 Nd3 25. Nxc4 dxc4 26. Qc3 f6 27. Ne3 Nxc1 28.
Qxc1 Qa5 29. Bxf6 Nf7 30. Bd5 Rc7 31. Nxc4 Qxd5 32. Rxd5 h6 33. Qc2 Re1+ 34.
Kg2 Nh8 35. Bxh8 Kxh8 36. Qc3+ 1-0

[Event "Parsvnath Commonwealth ch 2010"]
[Site "Nueva Delhi IND"]
[Date "2010.05.15"]
[Round "8.33"]
[White "Swayams, Mishra"]
[Black "Singh, Rishpal S"]
[Result "1-0"]
[WhiteElo "2397"]
[BlackElo "2194"]
[PlyCount "79"]
[EventDate "2010.05.10"]
[EventType "swiss"]
[EventRounds "11"]
[EventCountry "IND"]
[Source "lmi"]
[SourceDate "2010.05.10"]

1. d4 f5 2. Nc3 Nf6 3. Bg5 d5 4. Bxf6 exf6 5. e3 c6 6. Bd3 Qb6 7. Rb1 Be6 8.
Nge2 Bd6 9. Na4 Qa5+ 10. c3 g6 11. b4 Qc7 12. Nc5 Bf7 13. h4 h5 14. Qc2 a5 15.
a3 b6 16. Nb3 a4 17. Nd2 b5 18. f3 Nd7 19. e4 dxe4 20. fxe4 fxe4 21. Nxe4 f5
22. Ng5 Nb6 23. Rh3 O-O 24. Nxf7 Qxf7 25. Kf2 Rae8 26. Qd2 Kh7 27. Kg1 Re7 28.
Rf1 Rfe8 29. Ng3 Nd5 30. Qg5 Ne3 31. Nxh5 gxh5 32. Rxe3 Rxe3 33. Bxf5+ Kh8 34.
Bg6 Qxf1+ 35. Kxf1 Rf8+ 36. Bf5 Re7 37. Qxh5+ Kg8 38. Qg6+ Rg7 39. Qxd6 Rxf5+
40. Kg1 1-0

[Event "Parsvnath Commonwealth ch 2010"]
[Site "Nueva Delhi IND"]
[Date "2010.05.15"]
[Round "8.34"]
[White "Shyam, Nikil P"]
[Black "Hemant, Sharma (del)"]
[Result "1/2-1/2"]
[WhiteElo "2385"]
[BlackElo "2191"]
[PlyCount "147"]
[EventDate "2010.05.10"]
[EventType "swiss"]
[EventRounds "11"]
[EventCountry "IND"]
[Source "lmi"]
[SourceDate "2010.05.10"]

1. e4 c5 2. Nf3 d6 3. d4 cxd4 4. Nxd4 Nf6 5. Nc3 a6 6. Be2 e5 7. Nb3 Be7 8. O-O
O-O 9. Kh1 b6 10. f3 Bb7 11. Be3 b5 12. a4 b4 13. Nd5 Nxd5 14. exd5 Nd7 15. c3
bxc3 16. bxc3 Bg5 17. Bf2 Nf6 18. c4 e4 19. Bd4 Rc8 20. f4 Bh6 21. g4 g5 22.
fxg5 Bxg5 23. Rf5 Nd7 24. Qe1 Ne5 25. Qb4 Ba8 26. Bb6 Qe7 27. c5 f6 28. c6 Nxc6
29. dxc6 Bxc6 30. Bc4+ Kg7 31. Bd5 e3 32. Re1 e2 33. Bxc6 Rxc6 34. Nd4 Rc1 35.
Rxc1 Bxc1 36. Nf3 Be3 37. Ba5 Rc8 38. Qb2 h6 39. Be1 Rc1 40. Kg2 d5 41. Qxe2
Qe4 42. Kh3 h5 43. Rxh5 Bf4 44. Qxe4 dxe4 45. Nd4 Bxh2 46. Kxh2 Rxe1 47. Ra5
Rd1 48. Nf5+ Kg6 49. Kg3 Rf1 50. Kg2 Rf4 51. Ne3 Rf3 52. Nd5 Kg5 53. Rxa6 Kxg4
54. Rxf6 Rd3 55. Nb6 Rd2+ 56. Kf1 Ra2 57. Ke1 e3 58. Rf8 Kg3 59. Kd1 Rd2+ 60.
Ke1 Ra2 61. Rf7 Kg4 62. Rf8 Kg3 63. Rh8 Kg4 64. Kf1 Rf2+ 65. Ke1 Ra2 66. Rh6
Kg3 67. Rf6 Kg4 68. Rf7 Kg3 69. Rd7 Kf3 70. Rf7+ Ke4 71. Re7+ Kf3 72. Rf7+ Ke4
73. Rd7 Kf3 74. Rf7+ 1/2-1/2

[Event "Parsvnath Commonwealth ch 2010"]
[Site "Nueva Delhi IND"]
[Date "2010.05.15"]
[Round "8.35"]
[White "Lodhi, Mahmood"]
[Black "Dhar, Rajib"]
[Result "1-0"]
[WhiteElo "2377"]
[BlackElo "2180"]
[PlyCount "87"]
[EventDate "2010.05.10"]
[EventType "swiss"]
[EventRounds "11"]
[EventCountry "IND"]
[Source "lmi"]
[SourceDate "2010.05.10"]

1. d4 d5 2. Nf3 Nf6 3. g3 c6 4. Bg2 Bf5 5. O-O e6 6. b3 Be7 7. c4 O-O 8. Bb2
Nbd7 9. Nc3 Ne4 10. Nd2 Ndf6 11. Ndxe4 Nxe4 12. Nxe4 dxe4 13. e3 Bg6 14. Qd2 a5
15. a3 Qb6 16. b4 f5 17. c5 Qc7 18. bxa5 Rxa5 19. Bc3 Ra4 20. Rfb1 Rfa8 21. Qb2
R8a7 22. Bf1 Bf7 23. Be2 e5 24. Bd1 exd4 25. Bxd4 R4a5 26. Qc3 Bd5 27. a4 Qd8
28. Rb6 Qf8 29. Rc1 h6 30. Qb4 Qc8 31. Qb2 Kh7 32. Qc3 Qf8 33. h4 h5 34. Rxb7
Rxa4 35. Rxa7 Rxa7 36. Bxh5 Ra4 37. Be2 Qf7 38. Rb1 Ra2 39. Bf1 Bd8 40. Qb4 Ba5
41. Qb8 Qg6 42. Qe5 Bf7 43. Bh3 Be6 44. Rb7 1-0

[Event "Parsvnath Commonwealth ch 2010"]
[Site "Nueva Delhi IND"]
[Date "2010.05.15"]
[Round "8.36"]
[White "Choudhary, Jitendra Kumar"]
[Black "Meenakshi Subbaraman"]
[Result "0-1"]
[WhiteElo "2169"]
[BlackElo "2348"]
[PlyCount "136"]
[EventDate "2010.05.10"]
[EventType "swiss"]
[EventRounds "11"]
[EventCountry "IND"]
[Source "lmi"]
[SourceDate "2010.05.10"]

1. e4 e5 2. Nf3 Nc6 3. d4 exd4 4. Nxd4 Bb4+ 5. Bd2 Qe7 6. Nb5 d5 7. N1c3 Nf6 8.
Qe2 Bxc3 9. Bxc3 Nxe4 10. f3 Nxc3 11. Nxc7+ Kd8 12. Qxe7+ Nxe7 13. Nxa8 Na4 14.
O-O-O b6 15. Rd3 Bd7 16. Ra3 b5 17. Re3 Nc8 18. b3 Nc5 19. Rc3 Ne6 20. Rd3 Bc6
21. Rd2 b4 22. a3 bxa3 23. Bc4 Ne7 24. Bxd5 Nxd5 25. c4 Bxa8 26. cxd5 Nc7 27.
d6 Nb5 28. Re1 Re8 29. Rxe8+ Kxe8 30. Re2+ Kd8 31. Re7 Bd5 32. Re5 Bc6 33. Re7
Be8 34. Rb7 Nxd6 35. Rxa7 Nb5 36. Rb7 Bd7 37. Rb8+ Kc7 38. Rg8 g6 39. Ra8 Be6
40. Kc2 Kb6 41. Ra4 h6 42. h4 h5 43. g4 Kc5 44. gxh5 gxh5 45. f4 Bf5+ 46. Kc1
Kd5 47. Ra5 Bd7 48. Ra4 Ke6 49. Kd2 Kf5 50. Ke3 Kg4 51. f5+ Kxf5 52. Rf4+ Ke6
53. Ra4 Ke5 54. Re4+ Kd5 55. Ra4 Be6 56. Kd2 Kc5 57. Kc2 Bd5 58. Ra5 f5 59. Ra4
Kb6 60. Rb4 Be4+ 61. Kc1 Kc5 62. Ra4 Bc6 63. Rc4+ Kd5 64. Kb1 Nd4 65. Ka2 f4
66. Rc1 Bb5 67. Rd1 f3 68. Kxa3 f2 0-1

[Event "Parsvnath Commonwealth ch 2010"]
[Site "Nueva Delhi IND"]
[Date "2010.05.15"]
[Round "8.37"]
[White "Kathmale, Sameer"]
[Black "Padmini, Rout"]
[Result "1-0"]
[WhiteElo "2140"]
[BlackElo "2319"]
[PlyCount "85"]
[EventDate "2010.05.10"]
[EventType "swiss"]
[EventRounds "11"]
[EventCountry "IND"]
[Source "lmi"]
[SourceDate "2010.05.10"]

1. e4 c5 2. c3 b6 3. d4 Bb7 4. Bd3 Nf6 5. Nd2 e6 6. Ngf3 d6 7. O-O Be7 8. Re1
O-O 9. Nf1 Nc6 10. Ng3 Rc8 11. a3 Re8 12. Qe2 Qc7 13. Bg5 Nd7 14. e5 Nf8 15.
exd6 Bxd6 16. Nh5 cxd4 17. cxd4 Be7 18. Bh6 g6 19. Bxf8 Rxf8 20. Qe3 gxh5 21.
Qh6 f5 22. Rxe6 Rf7 23. Bc4 Nxd4 24. Ne5 Nxe6 25. Qxe6 Qxe5 26. Qxe5 Rxc4 27.
Rd1 Bf8 28. h3 Rc5 29. Qg3+ Kh8 30. Rd8 f4 31. Qd3 Kg8 32. b4 Rc1+ 33. Kh2 f3
34. Qb5 h6 35. g3 h4 36. Qd3 hxg3+ 37. Kxg3 Rg1+ 38. Kh2 Rg2+ 39. Kh1 Rc7 40.
Rxf8+ Kg7 41. Qd4+ Kh7 42. Rh8+ Kg6 43. Qd6+ 1-0

[Event "Parsvnath Commonwealth ch 2010"]
[Site "Nueva Delhi IND"]
[Date "2010.05.15"]
[Round "9.3"]
[White "Kravtsiv, Martyn"]
[Black "Laxman, R.R."]
[Result "1/2-1/2"]
[WhiteElo "2546"]
[BlackElo "2476"]
[PlyCount "62"]
[EventDate "2010.05.10"]
[EventType "swiss"]
[EventRounds "11"]
[EventCountry "IND"]
[Source "lmi"]
[SourceDate "2010.05.10"]

1. e4 e5 2. Nf3 Nc6 3. Bb5 a6 4. Ba4 Nf6 5. O-O Be7 6. Re1 b5 7. Bb3 O-O 8. c3
d6 9. h3 Na5 10. Bc2 c5 11. d4 Nd7 12. Nbd2 cxd4 13. cxd4 Nc6 14. Nb3 a5 15.
Be3 a4 16. Nbd2 exd4 17. Nxd4 Nxd4 18. Bxd4 Ne5 19. Nb1 Qa5 20. Nc3 Be6 21. Nd5
Bxd5 22. Bxe5 dxe5 23. exd5 Bd6 24. Rc1 Rac8 25. Qe2 g6 26. Bd3 b4 27. Bb5 a3
28. b3 Rb8 29. Ba4 Qd8 30. Rc6 Qe7 31. f4 f6 1/2-1/2

[Event "Parsvnath Commonwealth ch 2010"]
[Site "Nueva Delhi IND"]
[Date "2010.05.15"]
[Round "9.5"]
[White "Grover, Sahaj"]
[Black "Kokarev, Dmitry"]
[Result "1/2-1/2"]
[WhiteElo "2416"]
[BlackElo "2612"]
[PlyCount "84"]
[EventDate "2010.05.10"]
[EventType "swiss"]
[EventRounds "11"]
[EventCountry "IND"]
[Source "lmi"]
[SourceDate "2010.05.10"]

1. e4 c6 2. d4 d5 3. Nc3 dxe4 4. Nxe4 Bf5 5. Ng3 Bg6 6. h4 h6 7. Nf3 Nd7 8. h5
Bh7 9. Bd3 Bxd3 10. Qxd3 e6 11. Bd2 Ngf6 12. O-O-O Be7 13. Ne4 Qb6 14. Nxf6+
Bxf6 15. Bf4 c5 16. Ne5 cxd4 17. Ng4 Qa5 18. Kb1 O-O 19. Qg3 Kh7 20. Nxf6+ Nxf6
21. Be5 Qb5 22. Bxd4 Rad8 23. Bxf6 gxf6 24. Qf3 Kg7 25. b3 b6 26. Rh4 Qe5 27.
Rh3 f5 28. Rhh1 a5 29. g4 f4 30. Rde1 Qf6 31. Re4 Rd4 32. Rxd4 Qxd4 33. Rd1 Qe5
34. Qc6 Qe2 35. Qc3+ Kg8 36. Rd2 Qxg4 37. f3 Qg5 38. Qd4 Kh7 39. Qe4+ Kh8 40.
Qd4+ Kh7 41. Qe4+ Kh8 42. Qd4+ Kh7 1/2-1/2

[Event "Parsvnath Commonwealth ch 2010"]
[Site "Nueva Delhi IND"]
[Date "2010.05.15"]
[Round "9.7"]
[White "Ramnath Bhuvanesh.R"]
[Black "Lalith, Babu M.R"]
[Result "0-1"]
[WhiteElo "2350"]
[BlackElo "2493"]
[PlyCount "92"]
[EventDate "2010.05.10"]
[EventType "swiss"]
[EventRounds "11"]
[EventCountry "IND"]
[Source "lmi"]
[SourceDate "2010.05.10"]

1. e4 c6 2. d4 d5 3. exd5 cxd5 4. c4 Nf6 5. Nc3 e6 6. Nf3 Bb4 7. cxd5 Nxd5 8.
Bd2 Nc6 9. Bd3 Be7 10. a3 O-O 11. O-O Bf6 12. Qc2 g6 13. Bh6 Re8 14. Rad1 Nxc3
15. bxc3 Bd7 16. Qd2 Bg7 17. Rfe1 Rc8 18. c4 Qa5 19. Qc1 Bh8 20. d5 exd5 21.
Rxe8+ Rxe8 22. cxd5 Ne5 23. Nxe5 Bxe5 24. Bf1 Qc7 25. g3 Qxc1 26. Rxc1 Bd6 27.
Bf4 Bxf4 28. gxf4 Rc8 29. Rxc8+ Bxc8 30. f3 Kf8 31. Kf2 Ke7 32. Ke3 Kd6 33. Kd4
Bd7 34. Bd3 Bh3 35. Be4 Bg2 36. f5 g5 37. f6 h6 38. a4 b6 39. f4 Bxe4 40. Kxe4
gxf4 41. Kxf4 Kxd5 42. Kg4 a6 43. Kh5 b5 44. axb5 axb5 45. Kxh6 b4 46. Kg7 Ke6
0-1

[Event "Parsvnath Commonwealth ch 2010"]
[Site "Nueva Delhi IND"]
[Date "2010.05.15"]
[Round "9.12"]
[White "Meenakshi Subbaraman"]
[Black "Anwesh, Upadhyaya"]
[Result "1/2-1/2"]
[WhiteElo "2348"]
[BlackElo "2419"]
[PlyCount "102"]
[EventDate "2010.05.10"]
[EventType "swiss"]
[EventRounds "11"]
[EventCountry "IND"]
[Source "lmi"]
[SourceDate "2010.05.10"]

1. d4 d5 2. c4 c6 3. Nf3 Nf6 4. e3 e6 5. b3 Nbd7 6. Bb2 Bd6 7. Bd3 O-O 8. Nbd2
Qe7 9. Ne5 Ba3 10. Bxa3 Qxa3 11. Nxd7 Bxd7 12. c5 b6 13. Qc1 Qa5 14. O-O bxc5
15. Qxc5 Qxc5 16. dxc5 a5 17. Nb1 e5 18. Nc3 Be6 19. f4 Rfb8 20. e4 exf4 21.
exd5 Nxd5 22. Nxd5 Bxd5 23. Rxf4 Rb4 24. Raf1 Rd8 25. Be2 Re8 26. Rxb4 axb4 27.
Bf3 Bxf3 28. Rxf3 f6 29. Rf4 Rb8 30. Kf2 Kf7 31. Ke3 Ke6 32. Kd4 Rd8+ 33. Kc4
Rd2 34. Kxb4 Rxa2 35. Rd4 Rxg2 36. Rd6+ Ke7 37. Rxc6 f5 38. Rc7+ Ke6 39. Rc8
Rxh2 40. c6 Rc2 41. Kb5 f4 42. b4 g5 43. Kb6 Kf7 44. c7 f3 45. Rh8 f2 46. Rxh7+
Ke6 47. Rh2 Kd7 48. Rh7+ Ke6 49. Rh2 Kd7 50. Rh7+ Kd6 51. Rh6+ Kd7 1/2-1/2

[Event "Parsvnath Commonwealth ch 2010"]
[Site "Nueva Delhi IND"]
[Date "2010.05.15"]
[Round "9.14"]
[White "Anurag, Mhamal"]
[Black "Adhiban, B."]
[Result "1/2-1/2"]
[WhiteElo "2210"]
[BlackElo "2510"]
[PlyCount "124"]
[EventDate "2010.05.10"]
[EventType "swiss"]
[EventRounds "11"]
[EventCountry "IND"]
[Source "lmi"]
[SourceDate "2010.05.10"]

1. d4 Nf6 2. g3 d5 3. Bg2 Bf5 4. Nf3 e6 5. O-O h6 6. c4 c6 7. Nc3 Nbd7 8. b3
Be7 9. Bb2 Bh7 10. Nd2 O-O 11. e4 dxe4 12. Ndxe4 Qa5 13. a3 Rad8 14. b4 Qa6 15.
Qb3 Nxe4 16. Nxe4 Nf6 17. Nd2 Qb6 18. Rfe1 Rfe8 19. Bc3 Qc7 20. a4 b6 21. Rac1
a6 22. Qb2 Rc8 23. Nb3 Qb8 24. Qe2 Bg6 25. Bf3 Qa7 26. Qf1 Qd7 27. Red1 Red8
28. Qe2 Qe8 29. Re1 Qd7 30. Red1 Qa7 31. Ra1 Qb8 32. Rd2 Qc7 33. Rda2 Qb8 34.
Rb2 Bf5 35. Kg2 Qc7 36. Rc1 Qa7 37. Ra2 Qb8 38. Rb2 Qa7 39. Ra2 Qb8 40. Rb2 Qc7
41. Bd2 Qd7 42. Bc3 Qc7 43. Bd2 Qa7 44. Bc3 Qd7 45. Rd2 Qa7 46. Ra2 Qd7 47. Rd2
Qa7 48. Ra2 Qd7 49. Rd2 Bg6 50. Kg1 Bf5 51. Kg2 Bg6 52. Kg1 Kf8 53. Kg2 Rc7 54.
Ra1 Rcc8 55. Kg1 Qc7 56. Rc1 Qb8 57. Rb2 Qc7 58. Ra2 Qb8 59. Rb2 Qa7 60. Ra2
Qb8 61. Rb2 Bf5 62. Kg2 Rd7 1/2-1/2

[Event "Parsvnath Commonwealth ch 2010"]
[Site "Nueva Delhi IND"]
[Date "2010.05.15"]
[Round "9.15"]
[White "Hemant, Sharma (del)"]
[Black "Venkatesh, M.R."]
[Result "0-1"]
[WhiteElo "2191"]
[BlackElo "2452"]
[PlyCount "58"]
[EventDate "2010.05.10"]
[EventType "swiss"]
[EventRounds "11"]
[EventCountry "IND"]
[Source "lmi"]
[SourceDate "2010.05.10"]

1. c4 Nf6 2. g3 e6 3. Bg2 d5 4. Nf3 Be7 5. b3 c5 6. O-O Nc6 7. Bb2 d4 8. e3 O-O
9. exd4 cxd4 10. d3 e5 11. a3 a5 12. Re1 Nd7 13. Qe2 Bf6 14. Qc2 Nc5 15. Nbd2
Bf5 16. Bf1 Re8 17. Rab1 Rc8 18. Ba1 Na6 19. Ne4 Be7 20. Qa2 Bg6 21. Ned2 Qc7
22. h4 Rcd8 23. Rbc1 Kh8 24. g4 Qc8 25. Bh3 Nc5 26. h5 Bxh5 27. Nxe5 Nxe5 28.
Rxe5 Bxg4 29. Bf1 Bh3 0-1

[Event "Parsvnath Commonwealth ch 2010"]
[Site "Nueva Delhi IND"]
[Date "2010.05.15"]
[Round "9.16"]
[White "Prince, Bajaj"]
[Black "Paciencia, Enrique"]
[Result "1/2-1/2"]
[WhiteElo "2180"]
[BlackElo "2429"]
[PlyCount "101"]
[EventDate "2010.05.10"]
[EventType "swiss"]
[EventRounds "11"]
[EventCountry "IND"]
[Source "lmi"]
[SourceDate "2010.05.10"]

1. e4 e5 2. Nf3 Nc6 3. Bb5 a6 4. Ba4 Nf6 5. O-O Be7 6. Re1 b5 7. Bb3 O-O 8. c3
d6 9. h3 Nd7 10. d4 Bf6 11. a4 Bb7 12. Na3 Nb6 13. d5 Ne7 14. a5 Nd7 15. c4 c6
16. dxc6 Nxc6 17. cxb5 Nxa5 18. Bc2 Nb6 19. b3 d5 20. Bd2 axb5 21. Nxb5 Nc6 22.
Rxa8 Bxa8 23. exd5 Nxd5 24. Be4 Qb6 25. Nc3 Nc7 26. Na4 Qb5 27. Qc2 g6 28. Rc1
Nb4 29. Bxb4 Qxb4 30. Bxa8 Nxa8 31. Qc4 Qa3 32. Re1 Qe7 33. Qc5 Re8 34. Qxe7
Rxe7 35. Nc5 Nb6 36. Nd2 Rc7 37. Nce4 Be7 38. Nc4 Nd7 39. Rd1 f6 40. Nc3 Rb7
41. Nd5 Bc5 42. b4 Bd4 43. Ne7+ Kf8 44. Nc6 Bc3 45. b5 Nb6 46. Nd8 Rd7 47. Rxd7
Nxd7 48. Nc6 Nc5 49. Nd6 Nd7 50. Nc4 Nc5 51. Nd6 1/2-1/2